[Event "14th IBCA World Chess Championship for Blind 2019"]
[Site "Cagliari"]
[Date "2019.04.06"]
[Round "1"]
[Board "1"]
[White "Kishan, Gangolli"]
[Black "Tazbir, Marcin"]
[Result "0-1"]
[WhiteElo "1950"]
[BlackElo "2540"]
[PlyCount "54"]
[EventDate "2019.04.06"]
[EventRounds "9"]
[EventCountry "ITA"]

1. d4 d5 2. c4 dxc4 3. Nf3 Nf6 4. e3 a6 5. Bxc4 b5 6. Bd3 Bb7 7. O-O e6 8. Qe2
c5 9. dxc5 Nc6 10. a4 b4 11. Nbd2 Bxc5 12. Nc4 Na5 13. Nxa5 Qxa5 14. Nd2 Qc7
15. Rd1 h5 16. Nf1 Qe5 17. Kh1 g5 18. b3 Nd5 19. Bb2 Nc3 20. f3 Ke7 21. Qe1
Rac8 22. Rac1 Bb6 23. Bc4 g4 24. f4 Qe4 25. Rd2 h4 26. Bd3 Qc6 27. e4 Qc5  0-1

[Event "14th IBCA World Chess Championship for Blind 2019"]
[Site "Cagliari"]
[Date "2019.04.06"]
[Round "1"]
[Board "2"]
[White "Smirnov, Alexey"]
[Black "Wolanski, Michal"]
[Result "1-0"]
[WhiteElo "2451"]
[BlackElo "1935"]
[PlyCount "95"]
[EventDate "2019.04.06"]
[EventRounds "9"]
[EventCountry "ITA"]

1. Nf3 c5 2. g3 Nc6 3. d4 cxd4 4. Nxd4 g6 5. Bg2 Bg7 6. Nb3 Nf6 7. Nc3 O-O 8.
O-O d6 9. h3 Be6 10. e4 Rb8 11. Nd5 b5 12. Bg5 Nd7 13. c3 Re8 14. Qe2 a5 15.
Rfd1 a4 16. Nd4 Nxd4 17. cxd4 Nb6 18. Nb4 Qd7 19. g4 d5 20. Na6 Rbc8 21. Nc5
Qc6 22. e5 f6 23. Bf4 fxe5 24. Bxe5 Bf7 25. Bxg7 Kxg7 26. Rac1 Nd7 27. Nxd7
Qxd7 28. Qe5+ Kg8 29. Rc5 Rxc5 30. dxc5 e6 31. b4 axb3 32. axb3 b4 33. Qd4 Qb7
34. f4 Rc8 35. Rc1 Qb5 36. Bf1 Qb7 37. g5 Be8 38. h4 Bd7 39. Bd3 Rf8 40. Kh2
Bc6 41. Re1 Bd7 42. h5 gxh5 43. g6 h6 44. g7 Rf7 45. Rg1 Rf5 46. Bxf5 exf5 47.
Qf6 Qb8 48. Qxh6  1-0

[Event "14th IBCA World Chess Championship for Blind 2019"]
[Site "Cagliari"]
[Date "2019.04.06"]
[Round "1"]
[Board "3"]
[White "Vrioni, Bersan"]
[Black "Babarykin, Stanislav"]
[Result "0-1"]
[WhiteElo "1924"]
[BlackElo "2401"]
[PlyCount "50"]
[EventDate "2019.04.06"]
[EventRounds "9"]
[EventCountry "ITA"]

1. e4 e5 2. f4 exf4 3. Nf3 d6 4. d4 g5 5. h4 g4 6. Ng1 f3 7. gxf3 Be7 8. Bg5
Bxg5 9. hxg5 Qxg5 10. Qd2 Qxd2+ 11. Nxd2 Nc6 12. Bb5 Bd7 13. c3 Nf6 14. Rh6 Ke7
15. O-O-O Rag8 16. Re1 gxf3 17. Ngxf3 Ng4 18. Rh5 f6 19. e5 dxe5 20. dxe5 Ncxe5
21. Bc4 Re8 22. Nxe5 Nxe5 23. Nf3 Bg4 24. Nxe5 Bxh5 25. Nf7+ Kd7  0-1

[Event "14th IBCA World Chess Championship for Blind 2019"]
[Site "Cagliari"]
[Date "2019.04.06"]
[Round "1"]
[Board "4"]
[White "Tuka, Oleg"]
[Black "Pohlers, Juergen"]
[Result "0-1"]
[WhiteElo "2367"]
[BlackElo "1923"]
[PlyCount "90"]
[EventDate "2019.04.06"]
[EventRounds "9"]
[EventCountry "ITA"]

1. Nf3 d5 2. d4 Nf6 3. c4 c6 4. e3 Nbd7 5. Nbd2 e6 6. b3 Ne4 7. Bb2 f5 8. Be2
Be7 9. O-O O-O 10. Ne5 Nxd2 11. Qxd2 Nxe5 12. dxe5 dxc4 13. Qxd8 Rxd8 14. Bxc4
b5 15. Rfc1 bxc4 16. Rxc4 Bb7 17. Bd4 Rd5 18. Rac1 a6 19. h3 Rc8 20. b4 a5 21.
a3 axb4 22. axb4 Rb5 23. Bc3 c5 24. bxc5 Rbxc5 25. Rxc5 Rxc5 26. Bb2 Rxc1+ 27.
Bxc1 Bb4 28. Bb2 Kf7 29. Bd4 Ke8 30. f4 Kd7 31. Kf2 Be4 32. Ba7 Kc6 33. g3 g6
34. Ke2 Kd5 35. Bb6 Bg2 36. h4 h5 37. Kf2 Bh3 38. Ke2 Ke4 39. Bd4 Bg4+ 40. Kf2
Bd2 41. Bb6 Bc3 42. Bc5 Kd3 43. Bb6 Kd2 44. Bc5 Kd1 45. Bb6 Be1+  0-1

[Event "14th IBCA World Chess Championship for Blind 2019"]
[Site "Cagliari"]
[Date "2019.04.06"]
[Round "1"]
[Board "5"]
[White "Casadei, Marco"]
[Black "Dimic, Pavle"]
[Result "0-1"]
[WhiteElo "1921"]
[BlackElo "2333"]
[PlyCount "84"]
[EventDate "2019.04.06"]
[EventRounds "9"]
[EventCountry "ITA"]

1. e4 c5 2. Nf3 Nc6 3. d4 cxd4 4. Nxd4 Nf6 5. Nc3 d6 6. Bc4 e6 7. Be3 Be7 8.
Qe2 Bd7 9. O-O-O Na5 10. Bb5 a6 11. Bxd7+ Nxd7 12. Qg4 O-O 13. Bh6 Bf6 14. h4
Rc8 15. Qg3 Nc4 16. Bg5 Qb6 17. Nb3 Be5 18. Bf4 Nc5 19. Bxe5 dxe5 20. h5 a5 21.
Rh4 f6 22. Rg4 Rf7 23. h6 g5 24. f4 exf4 25. Rxf4 Nxb3+ 26. axb3 Qe3+ 27. Qxe3
Nxe3 28. Rff1 Nxd1 29. Rxd1 Rfc7 30. Rd2 Rc5 31. Na4 R5c6 32. Nc3 Kf8 33. Nb5
Rc5 34. Nd6 R8c7 35. Nc4 Ke7 36. Nb6 R5c6 37. Nc4 a4 38. Na5 Ra6 39. b4 Rd6 40.
Rxd6 Kxd6 41. b3 axb3 42. Nxb3 Rc4  0-1

[Event "14th IBCA World Chess Championship for Blind 2019"]
[Site "Cagliari"]
[Date "2019.04.06"]
[Round "1"]
[Board "6"]
[White "Magnusson, Jorgen"]
[Black "Znuderl, Matej"]
[Result "1-0"]
[WhiteElo "2301"]
[BlackElo "1918"]
[PlyCount "61"]
[EventDate "2019.04.06"]
[EventRounds "9"]
[EventCountry "ITA"]

1. e4 c5 2. Nc3 d6 3. d4 cxd4 4. Qxd4 Nc6 5. Qd2 g6 6. b3 Bg7 7. Bb2 Nf6 8.
O-O-O Be6 9. f3 a6 10. Nd5 Ne5 11. Nxf6+ Bxf6 12. g4 Qc7 13. g5 Bg7 14. f4 Bg4
15. Be2 O-O-O 16. Bxg4+ Nxg4 17. Bxg7 Rhg8 18. h3 Rxg7 19. hxg4 f6 20. Nf3 Qd7
21. gxf6 exf6 22. Qc3+ Kb8 23. Qxf6 Rf7 24. Qg5 Re8 25. Ne5 dxe5 26. Rxd7 Rxd7
27. fxe5 Rde7 28. e6 Rc7 29. Qe5 Ree7 30. Rd1 Ka7 31. Rd6  1-0

[Event "14th IBCA World Chess Championship for Blind 2019"]
[Site "Cagliari"]
[Date "2019.04.06"]
[Round "1"]
[Board "7"]
[White "Ursic, Aleksander"]
[Black "Nikac, Predrag"]
[Result "0-1"]
[WhiteElo "1912"]
[BlackElo "2297"]
[PlyCount "56"]
[EventDate "2019.04.06"]
[EventRounds "9"]
[EventCountry "ITA"]

1. d4 g6 2. c4 Bg7 3. Nc3 f5 4. Nf3 Nf6 5. Bg5 c5 6. d5 Ne4 7. Bd2 d6 8. Qc2
Nxd2 9. Qxd2 Nd7 10. g3 Qa5 11. e3 O-O 12. Be2 Nf6 13. h4 a6 14. Rc1 Rb8 15.
Ng5 b5 16. b3 b4 17. Na4 h6 18. Nh3 Ne4 19. Qc2 Bd7 20. O-O Qd8 21. Nb2 Qe8 22.
Bf3 g5 23. hxg5 hxg5 24. Kh2 Rf6 25. Bxe4 fxe4 26. Rh1 Rh6 27. Kg2 Qh5 28. Qxe4
Bxh3+  0-1

[Event "14th IBCA World Chess Championship for Blind 2019"]
[Site "Cagliari"]
[Date "2019.04.06"]
[Round "1"]
[Board "8"]
[White "Wassin, Sergej"]
[Black "Donmez, Unal"]
[Result "1-0"]
[WhiteElo "2262"]
[BlackElo "1887"]
[PlyCount "89"]
[EventDate "2019.04.06"]
[EventRounds "9"]
[EventCountry "ITA"]

1. d4 d5 2. Nf3 Nf6 3. c4 e6 4. g3 Bb4+ 5. Bd2 Be7 6. Bg2 b6 7. O-O Ba6 8. Ne5
O-O 9. cxd5 exd5 10. Nc3 c6 11. Qc2 Nfd7 12. Nd3 f5 13. Nf4 Nf6 14. Ne6 Qd7 15.
Nxf8 Bxf8 16. Bg5 Ne8 17. Rfd1 Bb7 18. f3 c5 19. e4 cxd4 20. Nxd5 Bxd5 21. exd5
Na6 22. Kh1 Rc8 23. Qe2 Nac7 24. Rxd4 Bc5 25. Rd3 h6 26. Be3 Bd6 27. Rad1 Nf6
28. Qd2 Nh5 29. Bh3 Qf7 30. g4 fxg4 31. Bxg4 Re8 32. Qg2 Nf4 33. Bxf4 Qxf4 34.
Qd2 Qf6 35. Rd4 g5 36. Re4 Rf8 37. Qc3 Qf7 38. Be6 Nxe6 39. dxe6 Qe7 40. Qd3
Bc5 41. b4 Bf2 42. Qe2 Bh4 43. Rd7 Qf6 44. e7 Re8 45. Rd8  1-0

[Event "14th IBCA World Chess Championship for Blind 2019"]
[Site "Cagliari"]
[Date "2019.04.06"]
[Round "1"]
[Board "9"]
[White "Deniz, Ugur"]
[Black "Mueller, Oliver"]
[Result "1/2-1/2"]
[WhiteElo "1871"]
[BlackElo "2253"]
[PlyCount "84"]
[EventDate "2019.04.06"]
[EventRounds "9"]
[EventCountry "ITA"]

1. e4 c5 2. Nf3 d6 3. Bb5+ Bd7 4. Bxd7+ Qxd7 5. c4 Nf6 6. Nc3 g6 7. d4 cxd4 8.
Nxd4 Bg7 9. f3 O-O 10. Be3 Rc8 11. Qd3 Nc6 12. b3 e6 13. O-O d5 14. cxd5 exd5
15. Nxc6 bxc6 16. e5 Ne8 17. f4 f6 18. Rae1 fxe5 19. fxe5 Bxe5 20. Bc5 Bd6 21.
Bxd6 Qxd6 22. Qd4 Rd8 23. Qf2 Ng7 24. Qf7+ Kh8 25. Qe7 Nf5 26. Qxd6 Nxd6 27.
Re7 Re8 28. Rc7 Rac8 29. Rxa7 d4 30. Rd7 Rcd8 31. Rxd8 Rxd8 32. Na4 Nf5 33. Rd1
h5 34. Kf2 Re8 35. Nc5 Re3 36. a4 Rc3 37. b4 Rc4 38. Rb1 Rc2+ 39. Kf3 Rc3+ 40.
Kf2 Rc2+ 41. Kf3 Rc3+ 42. Kf2 Rc2+  1/2-1/2

[Event "14th IBCA World Chess Championship for Blind 2019"]
[Site "Cagliari"]
[Date "2019.04.06"]
[Round "1"]
[Board "10"]
[White "Grigorchuk, Sergey"]
[Black "Tonteri, Ari"]
[Result "1-0"]
[WhiteElo "2236"]
[BlackElo "1870"]
[PlyCount "77"]
[EventDate "2019.04.06"]
[EventRounds "9"]
[EventCountry "ITA"]

1. d4 Nf6 2. c4 e6 3. Nc3 d5 4. cxd5 Nxd5 5. e4 Nxc3 6. bxc3 c5 7. Nf3 cxd4 8.
cxd4 Bb4+ 9. Bd2 Bxd2+ 10. Qxd2 O-O 11. Bc4 Nc6 12. O-O b6 13. Rad1 Bb7 14.
Rfe1 Ne7 15. h4 Rc8 16. Bd3 a6 17. h5 h6 18. Bb1 Qc7 19. Re3 Rfd8 20. Ne5 Qxe5
21. dxe5 Rxd2 22. Rxd2 Rc1+ 23. Kh2 Rxb1 24. Rd8+ Kh7 25. Rd7 Nc6 26. Rxb7 Nxe5
27. Rb3 Ra1 28. Rg3 Kg8 29. Ra3 a5 30. Rxb6 Nc4 31. Rb8+ Kh7 32. Ra4 Nd2 33.
Rb2 Rd1 34. f3 Nf1+ 35. Kh3 f5 36. exf5 Rd5 37. fxe6 Rxh5+ 38. Rh4 Rg5 39. Re4
 1-0

[Event "14th IBCA World Chess Championship for Blind 2019"]
[Site "Cagliari"]
[Date "2019.04.06"]
[Round "1"]
[Board "11"]
[White "Aryan, B Joshi"]
[Black "Dukaczewski, Piotr"]
[Result "0-1"]
[WhiteElo "1864"]
[BlackElo "2225"]
[PlyCount "82"]
[EventDate "2019.04.06"]
[EventRounds "9"]
[EventCountry "ITA"]

1. e4 d6 2. d4 Nf6 3. Nc3 e5 4. dxe5 dxe5 5. Qxd8+ Kxd8 6. Nf3 Bd6 7. Bg5 c6 8.
O-O-O Kc7 9. Bc4 Be6 10. Bxe6 fxe6 11. Bh4 Nbd7 12. Ng5 Rhe8 13. a3 Bc5 14. Rd2
Bd4 15. Rhd1 Bxc3 16. bxc3 Nb6 17. Re2 Nc4 18. Nf3 Nh5 19. Bg3 Nf4 20. Ree1 Rf8
21. Ng5 Rf6 22. Bxf4 exf4 23. Rd4 Nxa3 24. e5 Rg6 25. Nh3 Nb5 26. Nxf4 Nxd4 27.
Nxg6 Nxc2 28. Kxc2 hxg6 29. Re4 Rf8 30. f3 Rf5 31. Rg4 g5 32. h4 Rxe5 33. hxg5
a5 34. g6 Kd6 35. Kb3 b5 36. Rd4+ Rd5 37. Rg4 a4+ 38. Kb4 Rd2 39. Ka3 c5 40.
Rg5 Rc2 41. Rh5 Rxg2  0-1

[Event "14th IBCA World Chess Championship for Blind 2019"]
[Site "Cagliari"]
[Date "2019.04.06"]
[Round "1"]
[Board "12"]
[White "Ross, Chris N"]
[Black "Began, Branko"]
[Result "1-0"]
[WhiteElo "2224"]
[BlackElo "1862"]
[PlyCount "65"]
[EventDate "2019.04.06"]
[EventRounds "9"]
[EventCountry "ITA"]

1. d4 d5 2. Nf3 Nf6 3. c4 e6 4. g3 c6 5. Bg2 Nbd7 6. O-O Be7 7. Qc2 O-O 8. Nbd2
c5 9. cxd5 exd5 10. b3 b6 11. Bb2 Bb7 12. Rad1 Rc8 13. dxc5 bxc5 14. Rfe1 Qc7
15. e4 Nxe4 16. Nxe4 dxe4 17. Nd2 h6 18. Nxe4 Bxe4 19. Rxe4 Nf6 20. Rc4 Rcd8
21. Rxd8 Qxd8 22. Bxf6 Bxf6 23. Rxc5 Bd4 24. Rc4 Bb6 25. Bf3 Qd7 26. Kg2 Rd8
27. Re4 Re8 28. Rf4 Bc7 29. Rc4 Bb6 30. Bc6 Qd8 31. Bxe8 Qxe8 32. Rc8 Bd8 33.
Qd3  1-0

[Event "14th IBCA World Chess Championship for Blind 2019"]
[Site "Cagliari"]
[Date "2019.04.06"]
[Round "1"]
[Board "13"]
[White "Morariu, Ionel"]
[Black "Komissarov, Alexey"]
[Result "1/2-1/2"]
[WhiteElo "1862"]
[BlackElo "2207"]
[PlyCount "87"]
[EventDate "2019.04.06"]
[EventRounds "9"]
[EventCountry "ITA"]

1. Nf3 Nf6 2. d4 g6 3. e3 Bg7 4. Bd3 O-O 5. O-O d6 6. Nbd2 Nbd7 7. Re1 e5 8. c3
Qe7 9. dxe5 dxe5 10. e4 b6 11. Qe2 Nc5 12. Bc2 Ba6 13. c4 Rad8 14. a4 Ne6 15.
g3 Nd4 16. Nxd4 exd4 17. Bd3 Bc8 18. Qf1 Nd7 19. Ra3 Nc5 20. Bc2 a5 21. h3 Bd7
22. f3 d3 23. Bd1 Qe8 24. b3 Bc3 25. Ra2 Na6 26. Ba3 Qe5 27. Kh2 Nb4 28. Bxb4
axb4 29. f4 Qd4 30. Bf3 Bc6 31. Rd1 Qe3 32. Qg2 Rfe8 33. Nf1 Qd4 34. Nd2 Bxd2
35. Raxd2 Bxe4 36. Bxe4 Qxe4 37. Qxe4 Rxe4 38. Kg1 Re2 39. Rxd3 Rxd3 40. Rxd3
Rb2 41. Kf1 Kf8 42. Re3 f6 43. Ke1 Kf7 44. Kd1  1/2-1/2

[Event "14th IBCA World Chess Championship for Blind 2019"]
[Site "Cagliari"]
[Date "2019.04.06"]
[Round "1"]
[Board "14"]
[White "Pribeanu, Mihail-Dacian"]
[Black "Deville, Olivier"]
[Result "1-0"]
[WhiteElo "2198"]
[BlackElo "1858"]
[PlyCount "31"]
[EventDate "2019.04.06"]
[EventRounds "9"]
[EventCountry "ITA"]

1. e4 c5 2. Nf3 d6 3. Bc4 e6 4. O-O Nf6 5. Re1 Be7 6. c3 O-O 7. Bb3 Nc6 8. d4
Qc7 9. d5 Na5 10. dxe6 Bxe6 11. Bxe6 fxe6 12. Ng5 Qc8 13. e5 Nd5 14. exd6 Bxd6
15. c4 Nxc4 16. Qd3  1-0

[Event "14th IBCA World Chess Championship for Blind 2019"]
[Site "Cagliari"]
[Date "2019.04.06"]
[Round "1"]
[Board "15"]
[White "Badano, Giancarlo"]
[Black "Jandric, Damjan"]
[Result "0-1"]
[WhiteElo "1857"]
[BlackElo "2196"]
[PlyCount "92"]
[EventDate "2019.04.06"]
[EventRounds "9"]
[EventCountry "ITA"]

1. e4 c5 2. Nc3 d6 3. g3 Nc6 4. Bg2 g6 5. Nf3 Bg7 6. O-O Nf6 7. d3 O-O 8. Nd5
Ne8 9. c3 e6 10. Nf4 e5 11. Nd5 Nc7 12. Nxc7 Qxc7 13. Be3 h6 14. Nh4 Qe7 15.
Qe2 Kh7 16. f4 exf4 17. Rxf4 Ne5 18. h3 Be6 19. Rf2 Rad8 20. c4 b5 21. cxb5 Qd7
22. a4 Bxh3 23. Raf1 Bxg2 24. Kxg2 Ng4 25. Rf3 a6 26. b4 Nxe3+ 27. Qxe3 cxb4
28. d4 axb5 29. axb5 Qxb5 30. Rxf7 Rxf7 31. Rxf7 b3 32. Qf3 Rd7 33. Rxd7 Qxd7
34. Qxb3 Bxd4 35. Qd3 Bg7 36. Nf3 Qe7 37. Kf2 Qf6 38. Kg2 Qb2+ 39. Qd2 Qa3 40.
Qd5 Qe3 41. Nh4 Qe2+ 42. Kh3 Qf1+ 43. Kh2 Qf2+ 44. Kh3 Qg1 45. Nf3 $11 Qf1+ 46.
Kg4 h5+  0-1

[Event "14th IBCA World Chess Championship for Blind 2019"]
[Site "Cagliari"]
[Date "2019.04.06"]
[Round "1"]
[Board "16"]
[White "Adiyaman, Rene"]
[Black "Holmela, Kari"]
[Result "1-0"]
[WhiteElo "2195"]
[BlackElo "1840"]
[PlyCount "63"]
[EventDate "2019.04.06"]
[EventRounds "9"]
[EventCountry "ITA"]

1. e4 c5 2. c3 d5 3. exd5 Qxd5 4. Nf3 e5 5. Na3 Nc6 6. Bc4 Qe4+ 7. Be2 Bd6 8.
O-O Nge7 9. Re1 O-O 10. Nc4 Bc7 11. Qb3 h6 12. Bd1 Qf5 13. Bc2 Qf6 14. Be4 a6
15. d3 b5 16. Ne3 Rb8 17. Nd5 Nxd5 18. Qxd5 Bb7 19. Qxc5 Rfe8 20. Qe3 b4 21. g4
bxc3 22. bxc3 Na5 23. g5 hxg5 24. Nxg5 Bxe4 25. Qxe4 g6 26. h4 Bb6 27. Re2 Bc5
28. Bb2 Qf4 29. Bc1 Qxe4 30. Rxe4 Nc6 31. Rc4 Rb5 32. Ne4  1-0

[Event "14th IBCA World Chess Championship for Blind 2019"]
[Site "Cagliari"]
[Date "2019.04.06"]
[Round "1"]
[Board "17"]
[White "Prpic, Milan"]
[Black "Zsiltzova-Lisenko, Lubov"]
[Result "0-1"]
[WhiteElo "1829"]
[BlackElo "2191"]
[PlyCount "46"]
[EventDate "2019.04.06"]
[EventRounds "9"]
[EventCountry "ITA"]

1. d4 d5 2. c4 dxc4 3. e3 e5 4. Bxc4 exd4 5. Qxd4 Qxd4 6. exd4 Nc6 7. Nf3 Bg4
8. Bb5 Bxf3 9. gxf3 Bb4+ 10. Nc3 Nge7 11. Be3 O-O 12. O-O a6 13. Ba4 Rad8 14.
Rfd1 h6 15. Bc2 f5 16. f4 Kh8 17. Ne2 Bd6 18. a3 Nd5 19. Kg2 g5 20. fxg5 f4 21.
Be4 fxe3 22. Bxd5 Rxf2+ 23. Kg1 Bxh2+  0-1

[Event "14th IBCA World Chess Championship for Blind 2019"]
[Site "Cagliari"]
[Date "2019.04.06"]
[Round "1"]
[Board "19"]
[White "Armstrong, William G"]
[Black "Stachanczyk, Jacek"]
[Result "0-1"]
[WhiteElo "1800"]
[BlackElo "2163"]
[PlyCount "76"]
[EventDate "2019.04.06"]
[EventRounds "9"]
[EventCountry "ITA"]

1. d4 d5 2. Bf4 Nf6 3. e3 c5 4. c3 Nc6 5. Nd2 cxd4 6. exd4 Bg4 7. Qb3 Qc8 8.
Ngf3 e6 9. Ne5 Be7 10. Bd3 Bh5 11. O-O Nxe5 12. Bxe5 O-O 13. Rac1 Qd7 14. f3
Rfc8 15. Rf2 Bd6 16. Bxd6 Qxd6 17. Nf1 Rab8 18. a4 Bg6 19. Bxg6 hxg6 20. g3 Nd7
21. Ne3 Nb6 22. a5 Nd7 23. Rfc2 b5 24. axb6 Nxb6 25. Qa2 Rc7 26. Kg2 Rbc8 27.
b3 e5 28. dxe5 Qxe5 29. Nd1 Nd7 30. Re2 Qf6 31. b4 d4 32. Qd5 dxc3 33. Nxc3 Nb6
34. Qb3 Rxc3 35. Re8+ Rxe8 36. Rxc3 Re2+ 37. Kf1 Qe7 38. Qd1 Rxh2  0-1

[Event "14th IBCA World Chess Championship for Blind 2019"]
[Site "Cagliari"]
[Date "2019.04.06"]
[Round "1"]
[Board "21"]
[White "Barnowski, Sylwester"]
[Black "Kolpakov, Vladyslav"]
[Result "0-1"]
[WhiteElo "1771"]
[BlackElo "2150"]
[PlyCount "64"]
[EventDate "2019.04.06"]
[EventRounds "9"]
[EventCountry "ITA"]

1. d4 Nf6 2. c3 g6 3. f4 Bg7 4. Nf3 O-O 5. e3 c5 6. Bd3 d5 7. O-O Bf5 8. dxc5
Bxd3 9. Qxd3 Ne4 10. b4 a5 11. Nd4 e5 12. fxe5 Nc6 13. Nd2 Nxe5 14. Qc2 axb4
15. Nxe4 dxe4 16. cxb4 Nd3 17. Qc4 b5 18. Qc3 Qd5 19. a3 Rfd8 20. Bb2 Qg5 21.
Rae1 Nxe1 22. Rxe1 Bxd4 23. exd4 Qd5 24. Qe3 Re8 25. Qe2 Rab8 26. Rc1 Rec8 27.
g4 f5 28. gxf5 gxf5 29. Qh5 Rb7 30. c6 Rg7+ 31. Kf1 e3 32. Rc2 Qh1+  0-1

[Event "14th IBCA World Chess Championship for Blind 2019"]
[Site "Cagliari"]
[Date "2019.04.06"]
[Round "1"]
[Board "23"]
[White "Patra, Subhendu Kumar"]
[Black "Aguilar Sevilla, Diego"]
[Result "1/2-1/2"]
[WhiteElo "1747"]
[BlackElo "2124"]
[PlyCount "90"]
[EventDate "2019.04.06"]
[EventRounds "9"]
[EventCountry "ITA"]

1. e4 e5 2. Nf3 Nc6 3. Bb5 a6 4. Ba4 Nf6 5. d4 exd4 6. e5 Ne4 7. O-O Nc5 8.
Bxc6 dxc6 9. Nxd4 Ne6 10. Nf5 Qxd1 11. Rxd1 g6 12. Ng3 Bg7 13. f4 f5 14. Nc3
O-O 15. Nge2 g5 16. g3 gxf4 17. gxf4 Rf7 18. Kf2 Bd7 19. Be3 Kh8 20. Ng3 Rg8
21. Nh5 Bc8 22. Rg1 Bh6 23. Rxg8+ Kxg8 24. Ne2 b6 25. Nf6+ Kh8 26. Rg1 Bg7 27.
Nh5 Bh6 28. Neg3 Nf8 29. Nf6 Ng6 30. Ngh5 Be6 31. Rd1 Rf8 32. b3 a5 33. c4 a4
34. c5 axb3 35. axb3 Bxb3 36. Rb1 Be6 37. cxb6 cxb6 38. Rxb6 Bd5 39. Nxd5 cxd5
40. Rd6 Ra8 41. Rxd5 Ra2+ 42. Rd2 Rxd2+ 43. Bxd2 Kg8 44. Ke3 Nxe5 45. Kf2 Ng6
 1/2-1/2

[Event "14th IBCA World Chess Championship for Blind 2019"]
[Site "Cagliari"]
[Date "2019.04.06"]
[Round "1"]
[Board "24"]
[White "Avram, Sretko"]
[Black "Hengles, Roberto Carlos"]
[Result "1-0"]
[WhiteElo "2120"]
[BlackElo "1740"]
[PlyCount "65"]
[EventDate "2019.04.06"]
[EventRounds "9"]
[EventCountry "ITA"]

1. c4 Nf6 2. Nc3 c5 3. Nf3 Nc6 4. d4 cxd4 5. Nxd4 Nxd4 6. Qxd4 g6 7. g3 Bg7 8.
Bg2 O-O 9. O-O d6 10. Qd3 Rb8 11. e4 Ng4 12. Bd2 Be6 13. b3 a6 14. Rac1 Re8 15.
Qe2 Qa5 16. h3 Ne5 17. a4 Nc6 18. Nd5 Qd8 19. Be3 Bxd5 20. cxd5 Nb4 21. Rc4 a5
22. Rfc1 Na6 23. h4 e6 24. dxe6 fxe6 25. Qd2 b6 26. Rc6 Bf8 27. Qd3 Nc5 28. Qb5
Be7 29. Rd1 Rf8 30. Bh6 Rf7 31. f4 Bxh4 32. Rcxd6 Rd7 33. Rxd7  1-0

[Event "14th IBCA World Chess Championship for Blind 2019"]
[Site "Cagliari"]
[Date "2019.04.06"]
[Round "1"]
[Board "25"]
[White "Krishna, Udupa"]
[Black "Fernandez Manrique, Agustin"]
[Result "0-1"]
[WhiteElo "1740"]
[BlackElo "2120"]
[PlyCount "56"]
[EventDate "2019.04.06"]
[EventRounds "9"]
[EventCountry "ITA"]

1. Nf3 Nf6 2. d4 d6 3. Nc3 Nbd7 4. e4 e5 5. Bc4 Be7 6. O-O O-O 7. Qe2 c6 8. a4
b6 9. Rd1 Qc7 10. Bg5 Re8 11. dxe5 dxe5 12. Bh4 h6 13. h3 Nh5 14. Ng5 Bxg5 15.
Qxh5 Nf6 16. Qe2 Bxh4 17. g3 Bxg3 18. fxg3 Bxh3 19. Rd2 Rad8 20. Nd1 Bg4 21.
Qg2 Rxd2 22. Qxd2 Rd8 23. Qe1 Rxd1 24. Rxd1 Bxd1 25. Qxd1 Nxe4 26. Qg4 Ng5 27.
Kf2 Qd8 28. Ke2 g6  0-1

[Event "14th IBCA World Chess Championship for Blind 2019"]
[Site "Cagliari"]
[Date "2019.04.06"]
[Round "1"]
[Board "26"]
[White "Clemente Llamero, Roberto"]
[Black "Ymeri, Rinor"]
[Result "1-0"]
[WhiteElo "2117"]
[BlackElo "1680"]
[PlyCount "47"]
[EventDate "2019.04.06"]
[EventRounds "9"]
[EventCountry "ITA"]

1. e4 c6 2. d4 d5 3. exd5 cxd5 4. c4 e6 5. Nc3 Nf6 6. Nf3 Bb4 7. cxd5 Nxd5 8.
Qc2 g6 9. Bd3 h6 10. O-O Nxc3 11. bxc3 Bd6 12. Rb1 Nd7 13. Rd1 Nf6 14. c4 b6
15. c5 bxc5 16. dxc5 Bc7 17. Bb5+ Bd7 18. Bxd7+ Nxd7 19. c6 O-O 20. Rxd7 Qc8
21. Rb7 Ba5 22. Ba3 Rd8 23. Rxf7 Qxc6 24. Rg7+  1-0

[Event "14th IBCA World Chess Championship for Blind 2019"]
[Site "Cagliari"]
[Date "2019.04.06"]
[Round "1"]
[Board "27"]
[White "Saltik, Suleyman"]
[Black "Zoltek, Tadeusz"]
[Result "0-1"]
[WhiteElo "1652"]
[BlackElo "2092"]
[PlyCount "98"]
[EventDate "2019.04.06"]
[EventRounds "9"]
[EventCountry "ITA"]

1. e4 e6 2. d4 d5 3. exd5 exd5 4. Nf3 Bd6 5. c4 Nf6 6. Nc3 Qe7+ 7. Be2 dxc4 8.
O-O O-O 9. Bg5 Qe6 10. d5 Qf5 11. Bxf6 Qxf6 12. Qd4 Qxd4 13. Nxd4 Nd7 14. Bxc4
Nb6 15. Bb3 a6 16. Rfe1 Bd7 17. Re2 Rae8 18. Rae1 Rxe2 19. Rxe2 Re8 20. Rxe8+
Bxe8 21. Kf1 Bd7 22. h3 g6 23. Ke2 Kg7 24. Ne4 Be5 25. Ke3 Kf8 26. f4 Bg7 27.
Nc5 Bc8 28. a4 Nd7 29. Nxd7+ Bxd7 30. Bc2 Ke7 31. a5 Kd6 32. b4 b6 33. axb6
cxb6 34. Bb3 a5 35. Kd3 a4 36. Bc4 a3 37. Ba2 Bxd4 38. Kxd4 f6 39. Kc4 h6 40.
Bb3 g5 41. Kd4 Bf5 42. Ba2 h5 43. Ke3 h4 44. fxg5 fxg5 45. Kd4 Bg6 46. Ke3 Ke5
47. Kf3 Be4+ 48. Kg4 Bxd5 49. Bb1 Bxg2  0-1

[Event "14th IBCA World Chess Championship for Blind 2019"]
[Site "Cagliari"]
[Date "2019.04.06"]
[Round "1"]
[Board "28"]
[White "Janjic, Stefan"]
[Black "Kaliner, Arik"]
[Result "1-0"]
[WhiteElo "2090"]
[BlackElo "1644"]
[PlyCount "53"]
[EventDate "2019.04.06"]
[EventRounds "9"]
[EventCountry "ITA"]

1. d4 d5 2. c4 e5 3. dxe5 d4 4. Nf3 c5 5. e3 Nc6 6. h3 Bf5 7. a3 a5 8. Bd3 Nge7
9. exd4 Bxd3 10. Qxd3 cxd4 11. O-O Ng6 12. Nbd2 Qb6 13. b3 Be7 14. Re1 Nf4 15.
Qf5 Ne6 16. Rb1 g6 17. Qg4 h5 18. Qg3 Nc5 19. Ng5 Nd3 20. Qxd3 Bxg5 21. e6 f5
22. Qg3 Qd8 23. Nf3 Bxc1 24. Qxg6+ Ke7 25. Qf7+ Kd6 26. Rbxc1 Rc8 27. c5+  1-0

[Event "14th IBCA World Chess Championship for Blind 2019"]
[Site "Cagliari"]
[Date "2019.04.06"]
[Round "1"]
[Board "29"]
[White "Murgia, Stefano"]
[Black "Mueller, Thorsten"]
[Result "0-1"]
[WhiteElo "1609"]
[BlackElo "2086"]
[PlyCount "48"]
[EventDate "2019.04.06"]
[EventRounds "9"]
[EventCountry "ITA"]

1. e4 e6 2. d4 d5 3. Nc3 Nf6 4. e5 Nfd7 5. f4 c5 6. Nf3 Nc6 7. Be3 a6 8. Qd2
cxd4 9. Nxd4 Bc5 10. O-O-O O-O 11. Bd3 Bxd4 12. Bxd4 Nxd4 13. Bxh7+ Kxh7 14.
Qxd4 Rh8 15. g4 Qb6 16. Qd3+ Kg8 17. Ne2 Nc5 18. Qf3 Bd7 19. f5 Rc8 20. g5 Na4
21. b3 Qc5 22. Rd2 Qa3+ 23. Kd1 Nb2+ 24. Ke1 Nc4  0-1